[Event "ESP-ch Rapid"]
[Site "Linares"]
[Date "2023.08.19"]
[Round "10"]
[White "Matamoros Franco, Carlos S"]
[Black "Lopez Mijail, Nicolas"]
[Result "1-0"]
[WhiteElo "2441"]
[BlackElo "2171"]
[PlyCount "127"]
[EventDate "2023.08.19"]
[EventType "swiss (rapid)"]
[EventRounds "10"]
[EventCountry "ESP"]
[SourceTitle "CBM 215 Extra"]
[Source "ChessBase"]
[SourceDate "2023.09.30"]
[SourceVersion "1"]
[SourceVersionDate "2023.09.30"]
[SourceQuality "1"]

1. c4 e5 2. g3 d5 3. cxd5 Nf6 4. Bg2 Nxd5 5. Nf3 Nc6 6. 0-0 Nb6 7. d3 Be7 8. a3 Be6 9. Nbd2 f6 10. b4 0-0 11. Bb2 a5 12. b5 Na7 13. d4 Nxb5 14. dxe5 a4 15. Qc2 c6 16. exf6 Bxf6 17. Bxf6 Qxf6 18. Ne4 Qe7 19. Qc5 Qc7 20. Neg5 Bc4 21. Rfc1 h6 22. Rxc4 Nxc4 23. Qxc4+ Kh8 24. Ne4 Qe7 25. Nh4 Qf7 26. Qc5 Rae8 27. Bf3 Kh7 28. Bh5 Qd5 29. Bxe8 Rxe8 30. Qxd5 cxd5 31. Nc5 Rxe2 32. Nxa4 d4 33. Nc5 Nc3 34. Nf3 b6 35. Nxd4 Rd2 36. Ncb3 Rd3 37. h4 h5 38. Kf1 Kg6 39. Re1 Nd5 40. Re6+ Kf7 41. Rd6 Nc3 42. Rxb6 Rd1+ 43. Kg2 Ne4 44. Nf3 Nf6 45. a4 Rb1 46. a5 Ng4 47. Nbd2 Ra1 48. Rb5 g6 49. Ne5+ Nxe5 50. Rxe5 Kf6 51. Rb5 Ra2 52. Ne4+ Ke6 53. Ng5+ Kf6 54. Rb6+ Kf5 55. a6 Ra3 56. Ne6 Ke4 57. Nf4 g5 58. hxg5 h4 59. gxh4 Kxf4 60. g6 Kg4 61. g7 Kh5 62. Rb5+ Kh6 63. g8R Rxa6 64. Rg3 1-0

[Event "ESP-chT CECLUB Div2"]
[Site "Linares"]
[Date "2023.08.18"]
[Round "7.22"]
[White "Garcia Ramos, Daniel"]
[Black "Matamoros Franco, Carlos S"]
[Result "0-1"]
[WhiteElo "2468"]
[BlackElo "2441"]
[PlyCount "120"]
[EventDate "2023.08.13"]
[EventType "team-swiss"]
[EventRounds "7"]
[EventCountry "ESP"]
[SourceTitle "EXT 2024"]
[Source "ChessBase"]
[SourceDate "2023.10.10"]
[SourceVersion "1"]
[SourceVersionDate "2023.10.10"]
[SourceQuality "1"]
[WhiteTeam "Colon Sabadell Chessy"]
[BlackTeam "Prodomasa Coin"]
[WhiteTeamCountry "ESP"]
[BlackTeamCountry "ESP"]

1. e4 c6 2. d4 d5 3. Nc3 dxe4 4. Nxe4 Bf5 5. Ng3 Bg6 6. N1e2 Nf6 7. c3 e6 8. Nf4 Bd6 9. Qf3 Nbd7 10. Bc4 Nd5 11. Nxg6 hxg6 12. Ne4 N7f6 13. Bg5 Be7 14. Bd2 Nxe4 15. Qxe4 Bg5 16. f4 Bf6 17. 0-0-0 Qc7 18. Be2 0-0-0 19. g3 Kb8 20. b4 Rd7 21. Kc2 Rhd8 22. Rhf1 a5 23. a3 b5 24. Be3 Qa7 25. Kb2 axb4 26. axb4 Nxc3 27. Kxc3 Qa3+ 28. Kc2 Qa2+ 29. Kc1 Qxe2 30. Rf2 Qc4+ 31. Rc2 Qd5 32. Qxd5 cxd5 33. Kb2 Be7 34. Kb3 Rc7 35. Rxc7 Kxc7 36. Ra1 Kb6 37. h4 Rc8 38. Bd2 Rc4 39. Bc3 Bf6 40. Rd1 Kb7 41. Rd2 Kc8 42. Kc2 Rc6 43. Kb3 Ra6 44. Rc2 Kd7 45. Rc1 Ra8 46. Rc2 Be7 47. Rc1 f6 48. Rf1 Bd6 49. Rf2 Bc7 50. Rf1 Bb6 51. Rf3 Ke8 52. Re3 Kf7 53. Re2 Ra7 54. Re1 Rc7 55. Re2 Rc4 56. Rd2 e5 57. fxe5 fxe5 58. dxe5 d4 59. Rf2+ Ke6 60. Bd2 Rc8 0-1

[Event "ESP-chT CECLUB Div2"]
[Site "Linares"]
[Date "2023.08.17"]
[Round "6.12"]
[White "Matamoros Franco, Carlos S"]
[Black "Kozlov, Gennady"]
[Result "1/2-1/2"]
[WhiteElo "2441"]
[BlackElo "2401"]
[PlyCount "83"]
[EventDate "2023.08.13"]
[EventType "team-swiss"]
[EventRounds "7"]
[EventCountry "ESP"]
[SourceTitle "EXT 2024"]
[Source "ChessBase"]
[SourceDate "2023.10.10"]
[SourceVersion "1"]
[SourceVersionDate "2023.10.10"]
[SourceQuality "1"]
[WhiteTeam "Prodomasa Coin"]
[BlackTeam "Platja D'Aro"]
[WhiteTeamCountry "ESP"]
[BlackTeamCountry "ESP"]

1. Nf3 Nf6 2. c4 g6 3. g3 Bg7 4. Bg2 0-0 5. 0-0 d6 6. d4 Bf5 7. Nc3 Ne4 8. Nd5 c6 9. Ne3 Bc8 10. b3 f5 11. Qc2 Nd7 12. Bb2 Re8 13. d5 Bxb2 14. Qxb2 e5 15. dxe6 Ndf6 16. Nd1 Bxe6 17. Nc3 Qe7 18. e3 Nxc3 19. Qxc3 d5 20. Ng5 dxc4 21. Nxe6 Qxe6 22. bxc4 Rad8 23. Rfd1 Qe5 24. Qb3 Rxd1+ 25. Rxd1 Re7 26. c5+ Kg7 27. Qb4 Qe6 28. Qa5 a6 29. h3 Qe5 30. Qb4 Qe6 31. a3 Rd7 32. Rd4 Rxd4 33. exd4 Qe7 34. Qd2 Qe6 35. Qf4 Qe1+ 36. Kh2 Qe7 37. Bf3 h5 38. Kg2 Ne8 39. Qb8 Nf6 40. Qf4 Ne8 41. Qb8 Nf6 42. Qf4 1/2-1/2

[Event "ESP-chT CECLUB Div2"]
[Site "Linares"]
[Date "2023.08.16"]
[Round "5.7"]
[White "Matamoros Franco, Carlos S"]
[Black "Mareco, Sandro"]
[Result "1-0"]
[WhiteElo "2441"]
[BlackElo "2614"]
[PlyCount "93"]
[EventDate "2023.08.13"]
[EventType "team-swiss"]
[EventRounds "7"]
[EventCountry "ESP"]
[SourceTitle "EXT 2024"]
[Source "ChessBase"]
[SourceDate "2023.10.10"]
[SourceVersion "1"]
[SourceVersionDate "2023.10.10"]
[SourceQuality "1"]
[WhiteTeam "Prodomasa Coin"]
[BlackTeam "Filantropos Equigoma"]
[WhiteTeamCountry "ESP"]
[BlackTeamCountry "ESP"]

1. Nf3 d5 2. g3 Nf6 3. Bg2 e6 4. c4 Be7 5. d4 0-0 6. Nc3 c6 7. 0-0 a5 8. b3 b6 9. Nd2 Ba6 10. a4 Ra7 11. Bb2 Rd7 12. Qc2 dxc4 13. Nxc4 Rxd4 14. Ne4 Rd7 15. Ng5 Bxc4 16. bxc4 h6 17. Nf3 Qc7 18. Ne5 Rdd8 19. Qc3 Rc8 20. Rab1 Rfd8 21. Ba1 Bb4 22. Qf3 Qe7 23. h4 Nfd7 24. Ng4 f5 25. Nh2 Bd6 26. Qb3 Na6 27. Nf3 Nb4 28. Nd4 Nc5 29. Qe3 Qf7 30. Rxb4 f4 31. Qf3 axb4 32. Nxc6 Rf8 33. Rd1 Qc7 34. Qg4 Rf7 35. gxf4 Bxf4 36. Kh1 b3 37. e3 Bd6 38. f4 Re8 39. Qg6 Bxf4 40. Bxg7 Rxg7 41. Qxe8+ Kh7 42. Nd8 Rg4 43. Be4+ Nxe4 44. Rd7+ Qxd7 45. Qxd7+ Rg7 46. Qd3 b2 47. Nxe6 1-0

[Event "Titled Tuesday intern op 04th Jul Early"]
[Site "Chess.com INT"]
[Date "2023.07.04"]
[Round "2"]
[White "Saito, Vinicius Ikezu"]
[Black "Matamoros Franco, Carlos S"]
[Result "1/2-1/2"]
[WhiteElo "2147"]
[BlackElo "2441"]
[PlyCount "98"]
[EventDate "2023.07.04"]
[EventType "swiss (blitz)"]
[EventRounds "11"]
[EventCountry "USA"]
[SourceTitle "EXT 2024"]
[Source "ChessBase"]
[SourceDate "2023.10.10"]
[SourceVersion "1"]
[SourceVersionDate "2023.10.10"]
[SourceQuality "1"]

1. e4 e6 2. d4 d5 3. Nc3 Nf6 4. e5 Nfd7 5. Nce2 c5 6. c3 Nc6 7. Nf3 b5 8. h4 a5 9. Nf4 Ba6 10. a3 h6 11. Bd3 Qb6 12. Be3 cxd4 13. cxd4 b4 14. 0-0 Bxd3 15. Qxd3 Qa6 16. Rfc1 Qxd3 17. Nxd3 Rc8 18. axb4 Bxb4 19. Nxb4 axb4 20. Ra6 Ndb8 21. Raa1 0-0 22. Nd2 Ne7 23. Nb3 Nf5 24. g3 Rc4 25. Nd2 Rcc8 26. Nb3 h5 27. Kg2 Kh7 28. Ra7 Kg6 29. Rc5 Rxc5 30. Nxc5 Nc6 31. Rb7 Ncxd4 32. Bxd4 Nxd4 33. Rxb4 Nc6 34. Nd7 Nxb4 35. Nxf8+ Kf5 36. f4 Ke4 37. Kf2 Nd3+ 38. Ke2 Nxb2 39. Nd7 d4 40. Nc5+ Kf5 41. Nb7 d3+ 42. Ke3 Kg4 43. Nd6 Kxg3 44. Nxf7 Kxh4 45. Ng5 Kg4 46. Nxe6 d2 47. Kxd2 Kf5 48. Nxg7+ Kxf4 49. Nxh5+ Kxe5 1/2-1/2

[Event "Chessable Masters Play In"]
[Site "Chess.com INT"]
[Date "2023.03.13"]
[Round "6"]
[White "Matamoros Franco, Carlos S"]
[Black "Chirila, Ioan Cristian"]
[Result "0-1"]
[WhiteElo "2451"]
[BlackElo "2543"]
[PlyCount "36"]
[EventDate "2023.03.13"]
[EventType "swiss (rapid)"]
[EventRounds "9"]
[EventCountry "USA"]
[SourceTitle "CBM 213 Extra"]
[Source "ChessBase"]
[SourceDate "2023.05.31"]
[SourceVersion "1"]
[SourceVersionDate "2023.05.31"]
[SourceQuality "1"]

1. c4 Nf6 2. g3 e6 3. Bg2 d5 4. Nf3 Be7 5. 0-0 0-0 6. b3 d4 7. e3 c5 8. d3 Nc6 9. Na3 e5 10. Re1 dxe3 11. Rxe3 e4 12. Ne1 Ng4 13. Rxe4 f5 14. Re2 Nd4 15. Rb2 Bf6 16. b4 cxb4 17. Rxb4 Qe7 18. Rab1 Ne2+ 0-1

[Event "Chessable Masters Play In"]
[Site "Chess.com INT"]
[Date "2023.03.13"]
[Round "7"]
[White "Matamoros Franco, Carlos S"]
[Black "Svane, Rasmus"]
[Result "0-1"]
[WhiteElo "2451"]
[BlackElo "2620"]
[PlyCount "76"]
[EventDate "2023.03.13"]
[EventType "swiss (rapid)"]
[EventRounds "9"]
[EventCountry "USA"]
[SourceTitle "CBM 213 Extra"]
[Source "ChessBase"]
[SourceDate "2023.05.31"]
[SourceVersion "1"]
[SourceVersionDate "2023.05.31"]
[SourceQuality "1"]

1. c4 Nf6 2. g3 e6 3. Bg2 d5 4. Nf3 d4 5. 0-0 c5 6. e3 Nc6 7. d3 h6 8. Re1 Bd6 9. Na3 0-0 10. Nc2 e5 11. exd4 exd4 12. b4 cxb4 13. Ncxd4 Nxd4 14. Nxd4 Be5 15. Nb3 Bg4 16. f3 Bxa1 17. fxg4 Bc3 18. Rf1 a5 19. g5 hxg5 20. Bxg5 a4 21. Nc1 Ra5 22. h4 Qd4+ 23. Kh1 Ng4 24. Qf3 Ne5 25. Qxb7 Nxd3 26. Nxd3 Qxd3 27. Be7 Qxg3 28. Rf3 Qb8 29. Qd7 Ra7 30. Qd6 Qxd6 31. Bxd6 Re8 32. c5 Re1+ 33. Kh2 Be5+ 34. Kh3 Bxd6 35. cxd6 b3 36. axb3 a3 37. Rf2 a2 38. d7 Rd1 0-1

[Event "Benalmadena Rapid op 1st"]
[Site "Benalmadena"]
[Date "2023.02.26"]
[Round "8"]
[White "Gomez Ledo, Roberto Carlos"]
[Black "Matamoros Franco, Carlos S"]
[Result "1/2-1/2"]
[WhiteElo "2432"]
[BlackElo "2451"]
[PlyCount "33"]
[EventDate "2023.02.25"]
[EventType "swiss (rapid)"]
[EventRounds "9"]
[EventCountry "ESP"]
[SourceTitle "CBM 212 Extra"]
[Source "ChessBase"]
[SourceDate "2023.03.31"]
[SourceVersion "1"]
[SourceVersionDate "2023.03.31"]
[SourceQuality "1"]

1. d4 Nf6 2. Bf4 d5 3. e3 Bg4 4. Nf3 e6 5. Nbd2 Bd6 6. Bg3 0-0 7. c4 c5 8. dxc5 Bxc5 9. Be2 dxc4 10. 0-0 Nc6 11. Nxc4 Ne4 12. Nfe5 Nxg3 13. hxg3 Nxe5 14. Nxe5 Bxe2 15. Qxe2 Qc7 16. Nf3 Rfd8 17. Qd1 1/2-1/2

[Event "Benalmadena Rapid op 1st"]
[Site "Benalmadena"]
[Date "2023.02.25"]
[Round "2"]
[White "Perea Fruet, Lorenzo"]
[Black "Matamoros Franco, Carlos S"]
[Result "1-0"]
[WhiteElo "2229"]
[BlackElo "2451"]
[PlyCount "44"]
[EventDate "2023.02.25"]
[EventType "swiss (rapid)"]
[EventRounds "9"]
[EventCountry "ESP"]
[SourceTitle "EXT 2024"]
[Source "ChessBase"]
[SourceDate "2023.10.10"]
[SourceVersion "1"]
[SourceVersionDate "2023.10.10"]
[SourceQuality "1"]

1. d4 Nf6 2. Nc3 d5 3. Bf4 a6 4. e3 e6 5. g4 c5 6. g5 Nfd7 7. Bg2 Nc6 8. Nge2 cxd4 9. exd4 b5 10. h4 Be7 11. Qd3 Nb6 12. Qg3 Nc4 13. Nd1 Nd6 14. Ne3 Ne4 15. Bxe4 dxe4 16. 0-0 Bb7 17. c3 Rc8 18. Rad1 Na5 19. Be5 f6 20. gxf6 gxf6 21. Qg7 Kd7 22. Bg3 Qg8 1-0

[Event "Speed Chess Q2"]
[Site "Chess.com INT"]
[Date "2022.11.12"]
[Round "5"]
[White "Bochnicka, Vladimir1111"]
[Black "Matamoros Franco, Carlos S"]
[Result "1-0"]
[WhiteElo "2350"]
[BlackElo "2451"]
[PlyCount "81"]
[EventDate "2022.11.12"]
[EventType "swiss (blitz)"]
[EventRounds "14"]
[EventCountry "USA"]
[SourceTitle "CBM 211 Extra"]
[Source "ChessBase"]
[SourceDate "2023.01.31"]
[SourceVersion "1"]
[SourceVersionDate "2023.01.31"]
[SourceQuality "1"]

1. e4 e6 2. d4 d5 3. exd5 exd5 4. c4 Bb4+ 5. Nc3 Ne7 6. Bd3 Nbc6 7. Nge2 Bf5 8. 0-0 Bxc3 9. bxc3 Bxd3 10. Qxd3 0-0 11. Re1 dxc4 12. Qxc4 a6 13. Ba3 Re8 14. Nf4 b5 15. Qc5 b4 16. Bxb4 Nxb4 17. Qxb4 Qd7 18. Rab1 Nd5 19. Nxd5 Qxd5 20. Qa4 Re6 21. h3 h6 22. Rxe6 Qxe6 23. c4 Rd8 24. d5 Qe4 25. Rd1 Rd6 26. Qb4 Rg6 27. g3 h5 28. Qb8+ Kh7 29. Qxc7 h4 30. Rf1 Qf3 31. g4 Qxh3 32. f3 f5 33. Qh2 fxg4 34. Qxh3 gxh3+ 35. Kh2 Rg2+ 36. Kxh3 Rxa2 37. d6 Rd2 38. c5 Kg8 39. Rc1 Kf7 40. c6 Ke8 41. c7 1-0

[Event "Speed Chess Q2"]
[Site "Chess.com INT"]
[Date "2022.11.12"]
[Round "6"]
[White "Chernov, Mikhail"]
[Black "Matamoros Franco, Carlos S"]
[Result "0-1"]
[WhiteElo "2213"]
[BlackElo "2451"]
[PlyCount "26"]
[EventDate "2022.11.12"]
[EventType "swiss (blitz)"]
[EventRounds "14"]
[EventCountry "USA"]
[SourceTitle "CBM 211 Extra"]
[Source "ChessBase"]
[SourceDate "2023.01.31"]
[SourceVersion "1"]
[SourceVersionDate "2023.01.31"]
[SourceQuality "1"]

1. e4 e6 2. d4 d5 3. c4 dxe4 4. Nc3 Nc6 5. Be3 Bb4 6. Qc2 Nf6 7. 0-0-0 Bxc3 8. bxc3 Qe7 9. f3 e5 10. d5 Qa3+ 11. Kb1 Ne7 12. fxe4 Nxe4 13. Qxe4 Bf5 0-1

[Event "Speed Chess Q2"]
[Site "Chess.com INT"]
[Date "2022.11.12"]
[Round "1"]
[White "Chigaev, Maksim"]
[Black "Matamoros Franco, Carlos S"]
[Result "1-0"]
[WhiteElo "2632"]
[BlackElo "2451"]
[PlyCount "57"]
[EventDate "2022.11.12"]
[EventType "swiss (blitz)"]
[EventRounds "14"]
[EventCountry "USA"]
[SourceTitle "CBM 211 Extra"]
[Source "ChessBase"]
[SourceDate "2023.01.31"]
[SourceVersion "1"]
[SourceVersionDate "2023.01.31"]
[SourceQuality "1"]

1. e4 e6 2. d4 d5 3. Nc3 Nf6 4. Bg5 Be7 5. e5 Nfd7 6. h4 h6 7. Bxe7 Qxe7 8. Qg4 0-0 9. Nf3 c5 10. dxc5 Nc6 11. Qf4 Qxc5 12. Bd3 f6 13. exf6 Rxf6 14. Qd2 Rb8 15. 0-0-0 b5 16. Kb1 b4 17. Ne2 e5 18. Ng3 e4 19. Bxe4 dxe4 20. Nxe4 Qa5 21. Nxf6+ Nxf6 22. Qd6 Rb6 23. Nd2 Ra6 24. a3 bxa3 25. Qxa3 Qf5 26. Qd3 Qa5 27. Nb3 Qa4 28. Rhe1 Nb4 29. Qc4+ 1-0

[Event "Olympiad-44"]
[Site "Chennai"]
[Date "2022.07.29"]
[Round "1.1"]
[White "Matamoros Franco, Carlos S"]
[Black "Depaune, Ricko"]
[Result "1-0"]
[WhiteElo "2459"]
[BlackElo "1726"]
[PlyCount "79"]
[EventDate "2022.07.29"]
[EventType "team-swiss"]
[EventRounds "11"]
[EventCountry "IND"]
[SourceTitle "CBM 210"]
[Source "ChessBase"]
[SourceDate "2022.10.31"]
[SourceVersion "1"]
[SourceVersionDate "2022.10.31"]
[SourceQuality "1"]
[WhiteTeam "Ecuador"]
[BlackTeam "Nauru"]
[WhiteTeamCountry "ECU"]
[BlackTeamCountry "NAU"]

1. Nf3 e6 2. g3 Nf6 3. Bg2 d5 4. 0-0 Bd6 5. d4 h6 6. c4 dxc4 7. Nbd2 Nbd7 8. Nxc4 Nb6 9. Nce5 0-0 10. Qc2 Bd7 11. Bd2 Rc8 12. Nxd7 Nbxd7 13. b4 c6 14. Rab1 b5 15. e4 e5 16. dxe5 Bxe5 17. Be3 Qc7 18. Bh3 Rfe8 19. Rfd1 Rcd8 20. Rdc1 Nb8 21. Nxe5 Qxe5 22. Bxa7 Qh5 23. Bg2 Ng4 24. h3 Ne5 25. Bxb8 Rxb8 26. Qd1 Qg6 27. Qe2 Rbd8 28. Rd1 Qe6 29. a3 Ra8 30. Ra1 Ra4 31. Bf1 Rea8 32. Qe3 Nc4 33. Bxc4 Qxc4 34. Rd3 Rxb4 35. Rc1 Qxe4 36. axb4 Qxb4 37. Rxc6 Ra1+ 38. Rc1 Ra6 39. Rd8+ Kh7 40. Qd3+ 1-0